Online
Catalog

La familia hispana : (Record no. 58556)

MARC details
000 -CABECERA
campo de control de longitud fija 01523nam a2200289 i 4500
003 - IDENTIFICADOR DEL NÚMERO DE CONTROL
campo de control DO-SdBNP
005 - FECHA Y HORA DE LA ÚLTIMA TRANSACCIÓN
campo de control 20260224100502.0
007 - CAMPO FIJO DE DESCRIPCIÓN FÍSICA--INFORMACIÓN GENERAL
campo de control de longitud fija ta
008 - DATOS DE LONGITUD FIJA--INFORMACIÓN GENERAL
campo de control de longitud fija 240201b2023 dr ac||| |||| 00| 0 spa d
040 ## - FUENTE DE LA CATALOGACIÓN
Centro catalogador/agencia de origen DO-SdBNP
Lengua de catalogación spa
Centro/agencia transcriptor BNPHU
Normas de descripción rda
082 #4 - NÚMERO DE LA CLASIFICACIÓN DECIMAL DEWEY
Número de clasificación 306.87
Número de documento/Ítem R468f
Número de edición 22
100 1# - ENTRADA PRINCIPAL--NOMBRE DE PERSONA
Nombre de persona Rhamírez, Augusto V
Término indicativo de función/relación autor
9 (RLIN) 84833
245 10 - MENCIÓN DE TÍTULO
Título La familia hispana :
Resto del título manual de educación temprana /
Mención de responsabilidad, etc. Augusto V. Rhamírez
264 ## - PRODUCCIÓN, PUBLICACIÓN, DISTRIBUCIÓN, FABRICACIÓN Y COPYRIGHT
Producción, publicación, distribución, fabricación y copyright Florida :
Nombre del de productor, editor, distribuidor, fabricante MFE, Editorial
-- National Institute of Early Education,
Fecha de producción, publicación, distribución, fabricación o copyright 2000
300 ## - DESCRIPCIÓN FÍSICA
Extensión 256 páginas ;
Dimensiones 22 cm.
336 ## - TIPO DE CONTENIDO
Fuente rdacontent
Término de tipo de contenido texto
Código de tipo de contenido txt
337 ## - TIPO DE MEDIO
Fuente rdamedia
Nombre/término del tipo de medio sin mediación
Código del tipo de medio n
338 ## - TIPO DE SOPORTE
Fuente rdacarrier
Nombre/término del tipo de soporte volumen
Código del tipo de soporte nc
505 ## - NOTA DE CONTENIDO CON FORMATO
Nota de contenido con formato Prólogo 5|Introducción 8|PRIMERA PARTE 11|La pareja y la decisión matrimonial 11|La pareja como proyecto familiar 21|SEGUNDA PARTE 32|La decisión de tener hijos 32|El primer hijo: clones de probeta o ser humano 48|Los primeros doce meses 63|El segundo año: los cimientos del carácter 77|El tercer año y el inicio de la socialización 109|TERCERA PARTE 133|Tercero-cuarto y quinto año: la elección del sexo 133|Segunda etapa de socialización: la escuela 160|Defendiéndonos de las malas influencias externas 177|La pubertad: la cuna de las tormentas 191|Extensiones y apéndices 223|Indice 252
590 ## - NOTA LOCAL (RLIN)
Nota local Inventariado,2025/DG
650 #0 - PUNTO DE ACCESO ADICIONAL DE MATERIA--TÉRMINO DE MATERIA
Término de materia o nombre geográfico como elemento de entrada Crianza de niños
9 (RLIN) 4212
650 #4 - PUNTO DE ACCESO ADICIONAL DE MATERIA--TÉRMINO DE MATERIA
Término de materia o nombre geográfico como elemento de entrada PADRES E HIJOS
9 (RLIN) 796
650 #4 - PUNTO DE ACCESO ADICIONAL DE MATERIA--TÉRMINO DE MATERIA
Término de materia o nombre geográfico como elemento de entrada PATERNIDAD (PSICOLOGIA)
Subdivisión general ENSEÑANZA
9 (RLIN) 22240
650 #0 - PUNTO DE ACCESO ADICIONAL DE MATERIA--TÉRMINO DE MATERIA
Término de materia o nombre geográfico como elemento de entrada Psicología infantil
9 (RLIN) 2718
910 ## - DATOS DE OPCIÓN DEL USUARIO (OCLC)
Datos de opción del usuario DG
942 ## - ELEMENTOS DE PUNTO DE ACCESO ADICIONAL (KOHA)
Fuente del sistema de clasificación o colocación Dewey Decimal Classification
Tipo de ítem Koha Libro
Holdings
Estado de retiro Estado de pérdida Fuente del sistema de clasificación o colocación Restricciones de uso No para préstamo Código de colección Localización permanente Ubicación/localización actual Ubicación en estantería Fecha de adquisición Fuente de adquisición Total de préstamos Signatura topográfica completa Código de barras Fecha visto por última vez Precio válido a partir de Tipo de ítem Koha Nota pública
    Dewey Decimal Classification Préstamo en sala   General Biblioteca Nacional Pedro Henríquez Ureña Biblioteca Nacional Pedro Henríquez Ureña En catalogación 02.04.2025 Donado por la Presidencia de la República Dominicana 2023   BNPHU GR 306.87 R468f 2025-2364 02.04.2025 02.04.2025 Libro Pertenecio a la biblioteca personal de Emilio Cordero Michel

Powered by Koha